Bilanz und Ausblick der Anstaltspsychiatrie: 100 Jahre Rheinisches Landeskrankenhaus - Psychiatrische Klinik der Universität Düsseldorf 1876 - 1976; 2. Düsseldorfer Symposion 1976; mit 35 Abbildungen und 9 Tabellen
| Corporate Authors: | ; |
|---|---|
| Contributors: | ; |
| Format: | Print Book |
| Language: | German |
| Published: |
Stuttgart New York, NY
Schattauer
1977
|
| In: | Year: 1977 |
| Edition: | 1. Aufl. |
| Online Access: |
Table of Contents Table of Contents |
| Availability in Tübingen: | Present in Tübingen. IFK: M I 84 |
| Check availability: | HBZ Gateway |
| Subito Delivery Service: | Order now. |
| Keywords: |
MARC
| LEADER | 00000cam a2200000 c 4500 | ||
|---|---|---|---|
| 001 | 897239938 | ||
| 003 | DE-627 | ||
| 005 | 20260206192547.0 | ||
| 007 | tu | ||
| 008 | 850101s1977 gw ||||| 00| ||ger c | ||
| 015 | |a 77,N39,0231 |2 dnb | ||
| 015 | |a 78,A06,0784 |2 dnb | ||
| 016 | 7 | |a 780057589 |2 DE-101 | |
| 020 | |a 379450609X |9 3-7945-0609-X | ||
| 035 | |a (DE-627)897239938 | ||
| 035 | |a (DE-603)079708374 | ||
| 035 | |a (DE-576)00628339X | ||
| 035 | |a (DE-599)GBV897239938 | ||
| 035 | |a (OCoLC)7556397 | ||
| 035 | |a (OCoLC)07556397 | ||
| 035 | |a (OCoLC)264223962 | ||
| 035 | |a (DE-604)8082474893 | ||
| 040 | |a DE-627 |b ger |c DE-627 |e rakwb | ||
| 041 | |a ger | ||
| 044 | |c XA-DE |c XD-US | ||
| 082 | 0 | |a 362.2/1/094 | |
| 082 | 0 | |a 362.21094 |q LoC |2 DDC19oclc | |
| 084 | |a 33 |a 11 |2 sdnb | ||
| 084 | |a YH 2205 |2 rvk |0 (DE-625)rvk/153526:12911 | ||
| 084 | |a YH 2200 |2 rvk |0 (DE-625)rvk/153526:12905 | ||
| 245 | 0 | 0 | |a Bilanz und Ausblick der Anstaltspsychiatrie |b 100 Jahre Rheinisches Landeskrankenhaus - Psychiatrische Klinik der Universität Düsseldorf 1876 - 1976; 2. Düsseldorfer Symposion 1976; mit 35 Abbildungen und 9 Tabellen |c hrsg. von H. Kranz; K. Heinrich. Mit Beitr. von W. Hadamik ... |
| 250 | |a 1. Aufl. | ||
| 264 | 1 | |a Stuttgart |a New York, NY |b Schattauer |c 1977 | |
| 300 | |a X, 113 S. |b Ill., graph. Darst., Kt. | ||
| 336 | |a Text |b txt |2 rdacontent | ||
| 337 | |a ohne Hilfsmittel zu benutzen |b n |2 rdamedia | ||
| 338 | |a Band |b nc |2 rdacarrier | ||
| 500 | |a Literaturangaben | ||
| 583 | 1 | |a Archivierung/Langzeitarchivierung gewährleistet |f PEBW |x XA-DE-BW |2 pdager |5 DE-24 | |
| 583 | 1 | |a Archivierung/Langzeitarchivierung gewährleistet |c 2023 |f SLG |x XA-DE-BW |2 pdager |5 DE-289 | |
| 583 | 1 | |a Archivierung prüfen |c 20240324 |f DE-4165 |z 3 |2 pdager | |
| 650 | 0 | |a psychiatric nursing |x Congresses | |
| 650 | 4 | |a Psychiatrie | |
| 655 | 7 | |a Festschrift |0 (DE-588)4016928-5 |0 (DE-627)104400986 |0 (DE-576)208917802 |2 gnd-content | |
| 655 | 7 | |a Konferenzschrift |0 (DE-588)1071861417 |0 (DE-627)826484824 |0 (DE-576)433375485 |2 gnd-content | |
| 700 | 1 | |a Kranz, Heinrich |e Hrsg. |0 (DE-627)1231815507 |0 (DE-576)161815502 |4 edt | |
| 700 | 1 | |a Hadamik, Wilhelm |e Mitarb. |0 (DE-627)123125873X |0 (DE-576)161258735 |4 oth | |
| 710 | 2 | |a Rheinisches Landeskrankenhaus Düsseldorf |0 (DE-588)2046487-3 |0 (DE-627)708909817 |0 (DE-576)191953253 |4 oth | |
| 710 | 2 | |a Rheinisches Landeskrankenhaus Düsseldorf |4 oth | |
| 711 | 2 | |a Düsseldorfer Symposium |n 2 |d 1976 |0 (DE-588)806574-3 |0 (DE-627)102406995 |0 (DE-576)192277804 |4 oth | |
| 856 | 4 | 2 | |u https://swbplus.bsz-bw.de/bsz00628339xinh.htm |m B:DE-576;DE-352 |q application/pdf |v 20090323094929 |x Verlag |3 Inhaltsverzeichnis |7 1 |
| 856 | 4 | 2 | |u http://scans.hebis.de/HEBCGI/show.pl?07970837_toc.pdf |m V:DE-576;B:DE-352 |q application/pdf |3 Inhaltsverzeichnis |7 1 |
| 889 | |w (DE-627)02313996X | ||
| 935 | |i mdedup | ||
| 935 | |i Blocktest | ||
| 935 | |h HEB |i 0501 | ||
| 935 | |h HEB |i 0503 | ||
| 936 | r | v | |a YH 2205 |b Kongress, Tagungsbericht, Fortbildungslehrgang, Symposium |k Medizin |k Psychiatrie, Medizinische Psychologie |k Allgemeine Psychiatrie/Medizinische Psychologie |k Allgemeine Therapie |k Psychiatrische Krankenhausbehandlung, psychiatrische Versorgung, Fürsorge |k A. Formalschlüssel |k Kongress, Tagungsbericht, Fortbildungslehrgang, Symposium |0 (DE-627)1271561204 |0 (DE-625)rvk/153526:12911 |0 (DE-576)201561204 |
| 936 | r | v | |a YH 2200 |b Allgemeines |k Medizin |k Psychiatrie, Medizinische Psychologie |k Allgemeine Psychiatrie/Medizinische Psychologie |k Allgemeine Therapie |k Psychiatrische Krankenhausbehandlung, psychiatrische Versorgung, Fürsorge |k Allgemeines |0 (DE-627)1271485303 |0 (DE-625)rvk/153526:12905 |0 (DE-576)201485303 |
| 936 | s | n | |a w200 |2 mzub |
| 936 | s | n | |a m200 |2 mzub |
| 951 | |a BO | ||
| ELC | |b 1 | ||
| LOK | |0 000 xxxxxcx a22 zn 4500 | ||
| LOK | |0 001 3122333783 | ||
| LOK | |0 003 DE-627 | ||
| LOK | |0 004 897239938 | ||
| LOK | |0 005 20140225103259 | ||
| LOK | |0 008 921207||||||||||||||||ger||||||| | ||
| LOK | |0 040 |a DE-21-110 |c DE-627 |d DE-21-110 | ||
| LOK | |0 689 |a s |a Psychiatrisches Krankenhaus | ||
| LOK | |0 852 |a DE-21-110 | ||
| LOK | |0 852 1 |c M I 84 |m p |9 00 | ||
| LOK | |0 935 |a k110 | ||
| LOK | |0 936ln |a 8.6.1 | ||
| LOK | |0 938 |k p | ||
| LOK | |0 939 |a 07-12-92 |b l01 | ||
| ORI | |a SA-MARC-krimdoka001.raw | ||
| SIG | |a IFK: M I 84 | ||
